Odporca socializmu a centrálneho plánovania

Životopis Friedricha Augusta von Hayek, jedného z najväčších liberálnych mysliteľov 20. storočia, ktorý v roku 1974 získal Nobelovu cenu za ekonómiu a celoživotné dielo. Kritik socializmu a kolektivistických ideí. Cenový systém ako tajomná sila, ktorá riadi chod civilizácie. Koľko informácií stačí n...

Descrizione completa

Salvato in:
Dettagli Bibliografici
Autore principale: Polakovič, Ivan
Natura: Capitolo di libro
Lingua:slovacco
Soggetti:
Tags: Aggiungi Tag
Nessun Tag, puoi essere il primo ad aggiungerne!!

MARC

LEADER 00000naa$a2200000$$$4500
001 0018407
005 20230926071507.7
041 0 |a slo 
044 |a SK 
245 1 0 |a Odporca socializmu a centrálneho plánovania  |c aut. Ivan Polakovič 
520 |a Životopis Friedricha Augusta von Hayek, jedného z najväčších liberálnych mysliteľov 20. storočia, ktorý v roku 1974 získal Nobelovu cenu za ekonómiu a celoživotné dielo. Kritik socializmu a kolektivistických ideí. Cenový systém ako tajomná sila, ktorá riadi chod civilizácie. Koľko informácií stačí na podnikanie. Prečo je centrálny plán nemožný. Boj proti štátnym monopolom, totalitným systémom. Hayekova monetárna teória hospodárskeho cyklu. 
610 2 0 |a teórie ekonomické 
610 2 0 |a ekonómovia 
610 2 0 |a cykly hospodárske 
610 2 0 |a monetarizmus 
610 2 0 |a ceny 
610 2 0 |a monopoly 
610 2 0 |a biografia 
610 2 0 |a Nobelova cena 
610 2 0 |a Hayek, F.A. 
100 1 |a Polakovič, Ivan